000 00360nam a22001337a 4500
020 _a978-0-19-882398-8
082 _a658.4
100 _aTricker, Bob
245 _aCorporate Governance:
_bPrinciples, Policies, and Practices
250 _a2nd
260 _aOxford University:
_bOxford University Press,
_c2020
300 _axv, 411p.: iil.; 25cm
942 _cBK
999 _c22177
_d22177